000 00279nam a22001097a 4500
008 170120b xxu||||| |||| 00| 0 eng d
020 _a0893973300
041 _aeng
080 _a618.2
245 _aINTERACTIVE LEARNING EVENTS/ A GUIDE FOR FACILITATORS
_cJONES. K
942 _2udc
_cBK
999 _c3320
_d3320